000 00733nam a2200229Ii 4500
003 JO-AjNU
008 230606s9999||||xx |||||||||||||| ||und||
017 _a1425/2281
020 _a9960-899-29-2
040 _aJO-AjNU
_beng
_erda
_cJO-AjNU
041 _aeng
050 1 4 _aBP170.85 2004
100 3 _aAl-Qasim, Abdul Malik , Translated by: Jalal Abualrub,
_eauthor
_93627
245 0 0 _aSilent Moments the Description of before and after Death Aspects=لحظات ساكنة
250 _a2nd Edition
264 3 1 _aRiyadh: Darussalam, 2004
300 _a126p
336 _atext
_btxt
_2rdacontent
337 _aunmediated
_bn
_2rdamedia
338 _avolume
_bnc
_2rdacarrier
650 4 _aDeath- Religious aspects- Islam
_93628
999 _aE1892
_c1892
_d1892